[Event "Styrian op-B"]
[Site "Bad Gleichenberg"]
[Date "2013.07.07"]
[Round "2"]
[White "Kretschmer, Leo"]
[Black "Hapala, Michaela"]
[Result "0-1"]
[WhiteElo "1956"]
[BlackElo "1783"]
[PlyCount "56"]
[EventDate "2013.07.06"]
[EventType "swiss"]
[EventRounds "9"]
[EventCountry "AUT"]
[SourceTitle "EXT 2015"]
[Source "ChessBase"]
[SourceDate "2014.11.20"]
[SourceVersion "1"]
[SourceVersionDate "2014.11.20"]
[SourceQuality "1"]

1. e4 c5 2. Nf3 g6 3. c4 Bg7 4. d4 cxd4 5. Nxd4 Nc6 6. Be3 Nf6 7. Nc3 d6 8. Be2 Bd7 9. 0-0 Ne5 10. f3 h5 11. Rc1 h4 12. Kh1 Qa5 13. Qd2 Rc8 14. b3 Nc6 15. Rc2 Qh5 16. a3 Qh7 17. Qd1 Nh5 18. Re1 Be5 19. Qd2 Ng3+ 20. Kg1 h3 21. Nxc6 Bxc6 22. Bf1 Nxf1 23. Kxf1 Bxh2 24. gxh3 Qxh3+ 25. Qg2 Bg3 26. Rd1 Be5 27. Kf2 Qxg2+ 28. Kxg2 Rh2+ 0-1

[Event "Semriach op 12th"]
[Site "Semriach"]
[Date "2013.04.30"]
[Round "4"]
[White "Thier, Robert"]
[Black "Kretschmer, Leo"]
[Result "0-1"]
[WhiteElo "1886"]
[BlackElo "1954"]
[PlyCount "52"]
[EventDate "2013.04.27"]
[EventType "swiss"]
[EventRounds "5"]
[EventCountry "AUT"]
[SourceTitle "CBM 154 Extra"]
[Source "ChessBase"]
[SourceDate "2013.06.25"]
[SourceVersion "2"]
[SourceVersionDate "2013.06.25"]
[SourceQuality "1"]

1. c4 Nf6 2. Nf3 c5 3. Nc3 Nc6 4. g3 d5 5. cxd5 Nxd5 6. Bg2 Nc7 7. 0-0 e5 8. d3 Be7 9. Be3 0-0 10. Rc1 Rb8 11. Nd2 Bd7 12. f4 f6 13. Nd5 b6 14. Nxe7+ Qxe7 15. fxe5 fxe5 16. Rxf8+ Rxf8 17. Ne4 Nd4 18. b4 Nd5 19. Bg5 Qf7 20. bxc5 Bg4 21. Bf1 Qh5 22. cxb6 axb6 23. Rb1 Bxe2 24. Bxe2 Nxe2+ 25. Kg2 Qf3+ 26. Kh3 Rf5 0-1

[Event "Voesendorf op"]
[Site "Voesendorf"]
[Date "2007.06.08"]
[Round "3"]
[White "Kretschmer, Leo"]
[Black "Eskandary, Jahja"]
[Result "0-1"]
[WhiteElo "1980"]
[BlackElo "2127"]
[PlyCount "76"]
[EventDate "2007.06.07"]
[EventType "swiss"]
[EventRounds "5"]
[EventCountry "AUT"]
[SourceTitle "EXT 2008"]
[Source "ChessBase"]
[SourceDate "2007.11.25"]
[SourceVersion "1"]
[SourceVersionDate "2007.11.25"]
[SourceQuality "1"]

1. e4 e5 2. Nf3 Nc6 3. Bc4 Bc5 4. c3 Qe7 5. d4 exd4 6. 0-0 d3 7. Qxd3 d6 8. a4 a6 9. b4 Ba7 10. Bg5 Nf6 11. Nbd2 Ne5 12. Nxe5 dxe5 13. b5 a5 14. Bd5 h6 15. Bh4 g5 16. Bg3 Bc5 17. Nc4 Nxd5 18. Qxd5 f6 19. Rad1 Ra7 20. Qd3 Be6 21. Kh1 0-0 22. Ne3 Bxe3 23. Qxe3 b6 24. Rd2 Qa3 25. Rfd1 Qxa4 26. Qe2 Raa8 27. c4 Qxc4 28. Qh5 Kg7 29. h4 Qxb5 30. f4 exf4 31. Bxf4 Qc6 32. Be5 fxe5 33. hxg5 Bf7 34. Rd7 Qg6 35. Qh2 Qxg5 36. R1d3 Kh8 37. Rc3 Rad8 38. Rc6 Rxd7 0-1